000 00216nam a2200085Ia 4500
008 120527s9999 xx 000 0 und d
100 _aADEYEMI, Kunle
245 _aA glimpse at Nigeria democratic stability
942 _cBK
999 _c25258
_d25258